000 00382nam a22001577a 4500
999 _c257502
_d257501
003 OSt
005 20190305102527.0
008 190305b xxu||||| |||| 00| 0 eng d
020 _a978-1-137-44551-3
040 _cn/a
100 _aG.R. Berridge
245 _aDiplomacy theory and Practice
250 _a5th edition
260 _aUS
_bPalgrave Macmillan
_c2015
942 _2lcc
_cBK